Surgical pathology. 2 V. (Record no. 31289)

MARC details
000 -LEADER
fixed length control field 00317nam a2200121Ia 4500
082 ## - DEWEY DECIMAL CLASSIFICATION NUMBER
Classification number 617
Item number COV.1-2
100 ## - MAIN ENTRY--AUTHOR NAME
Personal name Covlson, Walter E
245 #0 - TITLE STATEMENT
Title Surgical pathology. 2 V.
260 ## - PUBLICATION, DISTRIBUTION, ETC. (IMPRINT)
Place of publication Philadelphia
Name of publisher J B Lippincott
Year of publication 1978
650 ## - SUBJECT ADDED ENTRY--TOPICAL TERM
Topical Term Surgical pathology
942 ## - ADDED ENTRY ELEMENTS (KOHA)
Koha item type Books
Holdings
Withdrawn status Lost status Damaged status Not for loan Home library Current library Date acquired Cost, normal purchase price Full call number Accession Number Koha item type
        RRII Library RRII Library 16/12/2021 110.00 617 COV.1-2 11838 Books